000
00326 a2200157 4500
001
163516
020
_a
040
_c
Magnum
100
_a
Marques, Amadeu
240
1
0
_a
Theres no smoke...
_l
ING
245
1
0
_a
Theres no smoke...
362
0
_a
1899
440
1
_a
Ática
697
_a
LITERATURA ESTRANGEIRA
942
_c
BK
999
_c
163516
_d
163516